000 00732nam a2200205 4500
001 123288
003 ES-MaACL
005 20230906192139.0
007 t|
008 070214s1923 sp r ||||0| spa d
245 0 3 _aLa rabassa morta
_b: informe al Instituto de Reformas Sociales y Memoria /
_cponentes Doctores don Pedro J. Girona, don Jose Mª Boix, don Antonio Jansana.
260 _aBarcelona :
_bInstituto Agrícola Catalán de San Isidro,
_c1923.
300 _a108 p ;
_c23 cm.
700 1 _aGirona, Pedro J.
_9216052
700 1 _aBoix, José María.
_929894
700 1 _aJansana, Antonio.
_966051
710 2 _aInstitut Agrícola Català de Sant Isidre.
_9176166
852 _aES-MaACL
_jF-6005
999 _c123288
_d123288